La metrópoli en la vida moderna
সংরক্ষণ করুন:
| প্রধান লেখক: | , , , , |
|---|---|
| বিন্যাস: | গ্রন্থ |
| ভাষা: | স্প্যানিশ |
| প্রকাশিত: |
Buenos Aires
Infinito
1957
|
| মালা: | Biblioteca de Planeamiento y Vivienda. Jorge Enrique Hardoy
|
| বিষয়গুলি: | |
| ট্যাগগুলো: |
ট্যাগ যুক্ত করুন
কোনো ট্যাগ নেই, প্রথমজন হিসাবে ট্যাগ করুন!
|
MARC
| LEADER | 00000nam a2200000 a 4500 | ||
|---|---|---|---|
| 001 | UCV9050 | ||
| 003 | CL-VaPUC | ||
| 008 | 920428e19570000AG |||||||||||||||||spa|d | ||
| 082 | 0 | 4 | |a 711 |b PIG |2 21 |
| 100 | 0 | |a Piggott, Stuart |e author |9 303043 | |
| 700 | 0 | |a Chevalier, Louis |e author |9 303044 | |
| 700 | 0 | |a Reiss, Albert J |e author |9 303045 | |
| 700 | 0 | |a Anderson, William |e author |9 303046 | |
| 700 | 0 | |a Gulick, Luther |e author |9 303047 | |
| 245 | 1 | 3 | |a La metrópoli en la vida moderna |
| 300 | |a v | ||
| 942 | |c BK | ||
| 945 | |d 19920428 00:00:00 | ||
| 260 | |a Buenos Aires |b Infinito |c 1957 | ||
| 500 | |a v.1: Aspectos Sociales y Políticos | ||
| 500 | |a v.2: Aspectos Económicos | ||
| 500 | |a v.3: Aspectos Científicos y Profesionales | ||
| 500 | |a v.4: Aspéctos espirituales y la ciudad ideal | ||
| 650 | 0 | |a Desarrollo de la comunidad |9 267505 | |
| 650 | 7 | |a DESARROLLO URBANO |2 CL-VaPUC |9 303048 | |
| 650 | 0 | |a Planificación urbana |9 258176 | |
| 650 | 0 | |a Arquitectura |x Aspectos ambientales |9 267507 | |
| 583 | |a last modification |c 20180314 14:49:06 |k Rodrigo Vera | ||
| 490 | 0 | |a Biblioteca de Planeamiento y Vivienda. Jorge Enrique Hardoy | |
| 999 | |c 214447 |d 214445 | ||
| 952 | |0 0 |1 0 |4 0 |6 711_000000000000000_PIG_1957 |7 0 |8 P |9 197809 |a BIBARQ |b BIBARQ |d 2019-11-14 |h v.1 |i 2654571 |o 711 PIG 1957 |p 2654571 |r 2025-01-20 |w 2019-11-14 |y BK |k ARQ | ||
| 952 | |0 0 |1 0 |4 0 |6 711_000000000000000_PIG_1957 |7 0 |8 P |9 197810 |a BIBARQ |b BIBARQ |d 2019-11-14 |h v.2 |i 265458K |o 711 PIG 1957 |p 265458K |r 2025-01-20 |w 2019-11-14 |y BK |k ARQ | ||
| 952 | |0 0 |1 0 |4 0 |6 711_000000000000000_PIG_1957 |7 0 |8 P |9 197811 |a BIBARQ |b BIBARQ |d 2019-11-14 |h v.4 |i 2654601 |o 711 PIG 1957 |p 2654601 |r 2025-01-20 |w 2019-11-14 |y BK |k ARQ | ||
| 952 | |0 0 |1 0 |4 0 |6 711_000000000000000_PIG_1957 |7 0 |8 P |9 197812 |a BIBARQ |b BIBARQ |d 2019-11-14 |h v.3 |i 265461K |o 711 PIG 1957 |p 265461K |r 2025-01-20 |w 2019-11-14 |y BK |k ARQ | ||